| 000 | 00952cab a22001935a 4500 | ||
|---|---|---|---|
| 001 | L145631 | ||
| 008 | 081027e20081022xxkd f s 000 0 eng d | ||
| 035 | _a(Sirsi) u145631 | ||
| 041 | 0 | _aeng | |
| 100 | 1 | _aStagg, James | |
| 245 | 0 | 0 |
_aCJ50 _bCarillion still in public eye |
| 260 | _c2008 | ||
| 490 | 0 |
_aContract Journal _v445 (6697) 22 October 2008, 14-15 (2) |
|
| 520 | _aMonthly league table of new work winners, divided geographically and by sector. Carillion remains at the top position in September 2008 due to its contracts in the public sector. Laing O'Rourke remains at the top of the twelve-month total. Presents evolution by diagrams by sector for the last twelve months and for Sptember 2008. Shows diagram of total orders for the past 12 months. Lists the ten winners by region and by sector for the past 12 months. | ||
| 590 | _aKA | ||
| 651 | 4 |
_aUnited Kingdom _y |
|
| 690 | _aBUILT ENVIRONMENT-CONSTRUCTION MARKET | ||
| 942 | _n0 | ||
| 999 |
_c80908 _d80908 |
||